The Untouchability Offences Act (Act No. 22 of 1955): (Record no. 12393)
[ view plain ]
| 000 -LEADER | |
|---|---|
| fixed length control field | 00724nam a2200217 a 4500 |
| 001 - CONTROL NUMBER | |
| control field | 12393 |
| 003 - CONTROL NUMBER IDENTIFIER | |
| rucl marc code | BD-RjUL |
| 005 - DATE AND TIME OF LATEST TRANSACTION | |
| control field | 20211208235302.0 |
| 008 - FIXED-LENGTH DATA ELEMENTS--GENERAL INFORMATION | |
| fixed length control field | 190306s1962 ii b 00| 0 eng |
| 020 ## - INTERNATIONAL STANDARD BOOK NUMBER | |
| Terms of availability | : IRs. 0.25 |
| 035 ## - SYSTEM CONTROL NUMBER | |
| System control number | (BD-RjUL)12442 |
| 040 ## - CATALOGING SOURCE | |
| Original cataloging agency | BD-RjUL |
| Transcribing agency | BD-RjUL |
| Modifying agency | BD-RjUL |
| Language of cataloging | eng |
| 041 ## - LANGUAGE CODE | |
| Language code of text/sound track or separate title | eng |
| 082 00 - DEWEY DECIMAL CLASSIFICATION NUMBER | |
| Classification number | 345.02322 |
| Edition number | 23 |
| Author mark and year | BAU 1962 |
| 100 1# - MAIN ENTRY--PERSONAL NAME | |
| Personal name | Bagga, S. N. |
| 9 (RLIN) | 229012 |
| 245 10 - TITLE STATEMENT | |
| Title | The Untouchability Offences Act (Act No. 22 of 1955): |
| Remainder of title | (As amended up to date) with history of Amendments and short comments / / |
| Statement of responsibility, etc. | by S. N. Bagga |
| 260 ## - PUBLICATION, DISTRIBUTION, ETC. (IMPRINT) | |
| Place of publication, distribution, etc. | Allahbad: |
| Name of publisher, distributor, etc. | Law Book Co. , |
| Date of publication, distribution, etc. | 1962 |
| 300 ## - PHYSICAL DESCRIPTION | |
| Pagination | [2], 8 p. ; |
| Size | 24 cm. |
| 650 ## - SUBJECT ADDED ENTRY--TOPICAL TERM | |
| Topical term or geographic name as entry element | Untouchability Offences Act |
| Form subdivision | History |
| Geographic subdivision | India |
| Chronological subdivision | 1955 |
| 9 (RLIN) | 229013 |
| 942 ## - ADDED ENTRY ELEMENTS (KOHA) | |
| Source of classification or shelving scheme | Dewey Decimal Classification |
| Koha item type | Rare Books |
| Lost status | Source of classification or shelving scheme | Damaged status | Not for loan | Collection code | Permanent Location | Current Location | Shelving location | Date acquired | Total Checkouts | Full call number | Date last seen | Copy number | Koha item type |
|---|---|---|---|---|---|---|---|---|---|---|---|---|---|
| Dewey Decimal Classification | Not For Loan | Rare Books | Central Library, University of Rajshahi | Central Library, University of Rajshahi | Rare Book Section | 06/03/2019 | RA 345.02322 BAU 1962 | 06/03/2019 | C-1 | Rare Books |